Départements français par images aléatoires - Statistiques

Statistiques générales
  • Ce quiz a été pris 173 fois
  • Le résultat moyen est 7 sur 15
Statistiques - réponses
Par images Réponse % Correct
La Réunion
100%
Paris
100%
Sarthe
100%
Gard
89%
Yvelines
89%
Gironde
86%
Haute-Savoie
86%
Nord
86%
Côte-d'Or
83%
Manche
83%
Alpes-Maritimes
82%
Hautes-Alpes
82%
Haut-Rhin
82%
Seine-Saint-Denis
82%
Eure-et-Loir
80%
Indre
80%
Morbihan
80%
Martinique
78%
Landes
77%
Haute-Vienne
75%
Loir-et-Cher
75%
Savoie
75%
Corse-du-Sud
73%
Rhône
73%
Haute-Marne
71%
Hauts-de-Seine
71%
Loire-Atlantique
70%
Vienne
69%
Bouches-du-Rhône
67%
Finistère
67%
Meuse
67%
Saône-et-Loire
67%
Var
67%
Aude
64%
Seine-Maritime
64%
Lot
62%
Puy-de-Dôme
60%
Vendée
60%
Charente-Maritime
58%
Pas-de-Calais
58%
Vaucluse
58%
Cantal
56%
Alpes-de-Haute-Provence
50%
Côtes-d'Armor
50%
Deux-Sèvres
50%
Guadeloupe
50%
Hérault
45%
Ille-et-Vilaine
45%
Ariège
44%
Seine-et-Marne
44%
Territoire de Belfort
44%
Jura
42%
Calvados
40%
Lozère
40%
Maine-et-Loire
40%
Meurthe-et-Moselle
40%
Tarn
40%
Oise
38%
Aveyron
36%
Haute-Corse
36%
Bas-Rhin
33%
Haute-Garonne
33%
Pyrénées-Atlantiques
33%
Guyane
30%
Ain
29%
Eure
29%
Charente
27%
Vosges
27%
Ardennes
25%
Haute-Loire
25%
Hautes-Pyrénées
25%
Indre-et-Loire
25%
Mayotte
25%
Somme
25%
Val-d'Oise
23%
Moselle
22%
Essonne
20%
Marne
18%
Aube
17%
Doubs
17%
Corrèze
15%
Pyrénées-Orientales
15%
Allier
14%
Gers
14%
Loiret
14%
Isère
13%
Ardèche
11%
Cher
10%
Dordogne
10%
Haute-Saône
9%
Mayenne
8%
Aisne
0%
Creuse
0%
Drôme
0%
Loire
0%
Lot-et-Garonne
0%
Nièvre
0%
Orne
0%
Tarn-et-Garonne
0%
Val-de-Marne
0%
Yonne
0%
Aucun quiz correspondant
Distribution des résultats
% des personnes avec chaque résultat
Percentile par nombre de réponses
Votre historique - résultats
Vous n’avez pas pris ce quiz